Nyári irodalmi csemegék az E-MIL első irodalomtábora

Bibliographic Details
Main Author: Pénzes, Tímea, 1976- (Author)
Format: Article
Language:Hungarian
Slovak
PhysicalDescription:Fotogr.
ISSN:1335-6321
Subjects:

MARC

LEADER 00000nab a2200000 a 4500
001 vtls000809354
003 SK-MaSNL
005 20260319074803.0
008 160314c2002 xo 0 hun
015 |a SNBRB2002/10-31796 
035 |a CLN000161009 
040 |a SNKBUCL  |b slo  |c SNKBUCL  |e AACR2 
041 0 |a slo 
044 |a xo  |c SK 
080 |a 82:061.7(498=945.11)  |2 UDC-MRF-SK2 
080 |a 894.511:061.7  |2 UDC-MRF-SK2 
100 1 |a Pénzes, Tímea,  |d 1976-  |4 aut  |9 90159 
245 1 0 |a Nyári irodalmi csemegék  |b az E-MIL első irodalomtábora  |c Pénzes Tímea 
300 |b Fotogr. 
611 1 7 |a E-MIL  |d 2002  |c Zetelaka, Rumunsko  |2 snkbucl  |9 840084 
650 0 7 |a spisovatelia maďarskí mladí  |x tábory tvorivé  |y 2002  |2 snkbucl  |9 840085 
773 0 |x 1335-6321  |t Szőrös kő  |g Roč. 7, č. 4 (2002), s. 62-64 
850 |a Slovenská národná knižnica v Martine 
852 |a SNK  |b KIS3GCP 
958 |a HU 
958 |a SK 
958 |a RO 
958 |a LX 
958 |a RBX 
999 |c 1357230  |d 1359160